World Bank atlas, 2001. (Record no. 145753)

MARC details
000 -LEADER
fixed length control field 00976nam a2200289 a 4500
008 - FIXED-LENGTH DATA ELEMENTS--GENERAL INFORMATION
fixed length control field
020 ## - INTERNATIONAL STANDARD BOOK NUMBER
International Standard Book Number 0821349015
049 ## - LOCAL HOLDINGS (OCLC)
Holding library MAIN
090 ## - LOCALLY ASSIGNED LC-TYPE CALL NUMBER (OCLC); LOCAL CALL NUMBER (RLIN)
Classification number (OCLC) (R) ; Classification number, CALL (RLIN) (NR) G1046
003 - CONTROL NUMBER IDENTIFIER
control field
005 - DATE AND TIME OF LATEST TRANSACTION
control field 20230123133255.0
040 ## - CATALOGING SOURCE
Transcribing agency NUST
245 10 - TITLE STATEMENT
Title World Bank atlas, 2001.
250 ## - EDITION STATEMENT
Edition statement [33rd ed.]
255 ## - CARTOGRAPHIC MATHEMATICAL DATA
Statement of scale Scale not given ;
Statement of projection Robinson proj.
260 ## - PUBLICATION, DISTRIBUTION, ETC.
Place of publication, distribution, etc. Washington, DC :
Name of publisher, distributor, etc. World Bank,
Date of publication, distribution, etc. c2001.
300 ## - PHYSICAL DESCRIPTION
Extent 1 atlas (62 p.) :
Other physical details col. ill., col. maps ;
Dimensions 22 x 28 cm.
500 ## - GENERAL NOTE
General note Shows the fundamental development topics of people, environment, economy and states, markets, and global links.
546 ## - LANGUAGE NOTE
Language note Language: English, French, and Spanish.
500 ## - GENERAL NOTE
General note "From the World development indicators."
650 #0 - SUBJECT ADDED ENTRY--TOPICAL TERM
Topical term or geographic name entry element Gross national product
Form subdivision Maps.
650 #0 - SUBJECT ADDED ENTRY--TOPICAL TERM
Topical term or geographic name entry element Population
Form subdivision Statistics
-- Maps.
710 2# - ADDED ENTRY--CORPORATE NAME
Corporate name or jurisdiction name as entry element World Bank.
730 0# - ADDED ENTRY--UNIFORM TITLE
Uniform title World development indicators.
907 ## - LOCAL DATA ELEMENT G, LDG (RLIN)
a .b10076839
b 16-01-07
c 12-06-03
942 ## - ADDED ENTRY ELEMENTS (KOHA)
Koha item type Ordinary Loan Books
Call number prefix G1046
Holdings
Date last seen Total Checkouts Full call number Barcode Cost, replacement price Price effective from Koha item type Lost status Source of classification or shelving scheme Damaged status Not for loan Collection Withdrawn status Home library Current library Shelving location Date acquired Cost, normal purchase price
01/23/2023   G1046 WOR 92003000800 80.00 01/23/2023 BOOKS   LCC     NFIC   MAIN MAIN GEN 01/23/2023 80.00